000
00322nam a2200133Ia 4500
008
191201s2008 xx 000 0 und d
100
_a
Deswal, S
245
0
_a
Basic of Biotechnology
250
_a
Rep.
260
_c
2008
_b
Dhanpat Rai Pubns (P) Ltd
_a
N.Delhi
300
_a
misc
650
_a
APPLIED
942
_2
ddc
_c
BB
_0
15
999
_c
7262
_d
7262